American Girls - Harry Styles (All Lyrics) - Statistics

General Stats
  • This quiz has been taken 88 times
  • The average score is 186 of 199
Answer Stats
Lyrics % Correct
A
100%
all
100%
All
100%
American
100%
(American
100%
are
100%
friends
100%
girls
100%
girls)
100%
girls,
100%
in
100%
love
100%
My
100%
With
100%
with
100%
ages,"
98%
ages
98%
for
98%
heard
98%
it
98%
"I've
98%
I've
98%
know
98%
that
98%
That
98%
you
98%
You
98%
known
96%
the
96%
it's
95%
over
95%
world
95%
seen
91%
your
86%
Your
86%
at
84%
perfect
82%
stages
82%
Those
82%
those
82%
timing
80%
home
79%
life
77%
spend
77%
Right
70%
try
68%
face
66%
Her
66%
lighting
66%
knows
64%
should
64%
time
61%
Don't
57%
show
55%
sweet
55%
deny
54%
Just
54%
temptations
54%
eyes
52%
will
52%
'Cause
50%
frustrations
48%
No matching quizzes found
Score Distribution
Percent of People with Each Score
Percentile by Number Answered
Your Score History
You have not taken this quiz